God rebirth and the vedas / (Record no. 126183)

MARC details
000 -LEADER
fixed length control field 00756nam a22002537a 4500
005 - DATE AND TIME OF LATEST TRANSACTION
control field 20170124110006.0
010 ## - LIBRARY OF CONGRESS CONTROL NUMBER
LC control number A-609564
020 ## - INTERNATIONAL STANDARD BOOK NUMBER
Terms of availability 00.00
International Standard Book Number 8122405061
035 ## - SYSTEM CONTROL NUMBER
System control number A-609564
037 ## - SOURCE OF ACQUISITION
Source of stock number/acquisition Cen Lib/Ret
040 ## - CATALOGING SOURCE
Original cataloging agency DPL
Language of cataloging EN
082 ## - DEWEY DECIMAL CLASSIFICATION NUMBER
Classification number 230.31
Item number BHA
100 ## - MAIN ENTRY--PERSONAL NAME
Personal name Bharathi, Swami Paramanada
9 (RLIN) 16850
245 ## - TITLE STATEMENT
Title God rebirth and the vedas /
Statement of responsibility, etc by Swami Paramanada Bharthi;translated by B.G. Sreelakshmi
246 ## - VARYING FORM OF TITLE
Remainder of title
260 ## - PUBLICATION, DISTRIBUTION, ETC. (IMPRINT)
Name of publisher, distributor, etc New Delhi
Place of publication, distribution, etc Wiley eastern
Date of publication, distribution, etc 1993
270 ## - ADDRESS
City New Delhi
300 ## - PHYSICAL DESCRIPTION
Extent ix,133p.
Dimensions 21cm(Hb)
500 ## - GENERAL NOTE
General note Includes bibliographical references
650 ## - SUBJECT ADDED ENTRY--TOPICAL TERM
Topical term or geographic name as entry element Hunduism
9 (RLIN) 72722
650 ## - SUBJECT ADDED ENTRY--TOPICAL TERM
Topical term or geographic name as entry element Hunduism -- Vedas
9 (RLIN) 71817
700 ## - ADDED ENTRY--PERSONAL NAME
Personal name Sreelakshmi, B.G
9 (RLIN) 71818
942 ## - ADDED ENTRY ELEMENTS (KOHA)
Source of classification or shelving scheme Dewey Decimal Classification
Koha item type English Books
Classification part 230.31
Call number suffix BHA
Holdings
Withdrawn status Lost status Damaged status Not for loan Collection code Home library Current library Date acquired Source of acquisition Cost, normal purchase price Total Checkouts Full call number Barcode Date last seen Copy number Cost, replacement price Price effective from Koha item type
      Not For Loan Reference Central Library Central Library 24/06/2015 Cen Lib/Ret 0.00   230.31 BHA A-609564 24/06/2015 1 0.00 24/06/2015 English Books

© Delhi Public Library
Hit Counter
free hit counter